| 000 | 00554nam a2200217Ia 4500 | ||
|---|---|---|---|
| 008 | 170918s9999 xx 000 0 und d | ||
| 020 | _a9781423106395 | ||
| 050 | _bB282 2007 | ||
| 100 | _aBarsocchini, Peter | ||
| 245 | _aHigh school musical 2 : | ||
| 245 | _bthe junior novel / | ||
| 245 | _cby Peter Barsocchini ; adapted by N. B. Grace. | ||
| 250 | _aFirst edition. | ||
| 260 | _aNew York : | ||
| 260 | _bDisney Press, | ||
| 260 | _c2007 | ||
| 300 | _a137 pages : | ||
| 300 | _billustrations ; | ||
| 300 | _c19cm. | ||
| 300 | _eDisney. | ||
| 999 |
_c344323 _d344323 |
||